[Event "Maisonneuve mem."]
[Site "Gatineau CAN"]
[Date "2011.11.15"]
[Round "4"]
[White "Gagnon, Fabien"]
[Black "Libersan, Mattieu"]
[Result "1-0"]
[WhiteElo "1955"]
[BlackElo "1819"]
[PlyCount "51"]
[GameId "2160767909647886"]
[EventDate "2011.10.25"]
[EventType "swiss"]
[EventRounds "4"]
[EventCountry "CAN"]
[SourceTitle "EXT 2022"]
[Source "ChessBase"]
[SourceDate "2021.10.06"]
[SourceVersion "1"]
[SourceVersionDate "2021.10.06"]
[SourceQuality "1"]

1. Nf3 Nf6 2. g3 g6 3. Bg2 Bg7 4. c4 O-O 5. d4 d6 6. O-O c6 7. Nc3 Nbd7 8. e4 e5 9. h3 exd4 10. Nxd4 Re8 11. Re1 a5 12. b3 Nc5 13. Bb2 Qb6 14. a3 Be6 15. Rb1 Rad8 16. Ba1 d5 17. exd5 cxd5 18. cxd5 Nxd5 19. Nxd5 Qd6 20. Nb5 Qd7 21. Ndc7 Qxc7 22. Nxc7 Rxd1 23. Rbxd1 Rc8 24. Nxe6 Nxe6 25. Bxg7 Kxg7 26. Bxb7 1-0

[Event "Maisonneuve mem."]
[Site "Gatineau CAN"]
[Date "2011.11.15"]
[Round "4"]
[White "Legare, Gilles"]
[Black "Morones, Oliver"]
[Result "0-1"]
[WhiteElo "1125"]
[BlackElo "1222"]
[PlyCount "102"]
[GameId "2160767909647887"]
[EventDate "2011.10.25"]
[EventType "swiss"]
[EventRounds "4"]
[EventCountry "CAN"]
[SourceTitle "EXT 2022"]
[Source "ChessBase"]
[SourceDate "2021.10.06"]
[SourceVersion "1"]
[SourceVersionDate "2021.10.06"]
[SourceQuality "1"]

1. e4 e5 2. Nf3 h6 3. Nc3 d6 4. a3 g5 5. d4 Qe7 6. Nd5 Qd8 7. dxe5 c6 8. Nc3 g4 9. Nd2 Qc7 10. f4 dxe5 11. f5 h5 12. Bc4 Nd7 13. Nf1 Nb6 14. Bb3 Bd7 15. Be3 O-O-O 16. Bxf7 Bxf5 17. Nd2 Bd7 18. Qe2 Nf6 19. O-O-O Be7 20. Bb3 c5 21. Nc4 Kb8 22. Rd2 Bc6 23. Rhd1 Rxd2 24. Rxd2 Rf8 25. Bg5 Nh7 26. Bxe7 Qxe7 27. Kb1 Ng5 28. Ka2 Qc7 29. Na5 Bd7 30. Nb5 Bxb5 31. Qxb5 Nxe4 32. Rd3 Nd6 33. Qa4 Nxa4 34. Bxa4 c4 35. Rd5 Ne4 36. c3 b6 37. Rb5 a6 38. Rxe5 Nd2 39. Nc6+ Ka8 40. Re7 Qxe7 41. Nxe7 b5 42. Bc2 Rf2 43. Nd5 Rxg2 44. Nb4 Ka7 45. a4 Rxh2 46. a5 g3 47. Bg6 g2 48. Bf7 g1=Q 49. Nc6+ Kb7 50. Nd8+ Kc7 51. Ne6+ Kd6 0-1

[Event "Maisonneuve mem."]
[Site "Gatineau CAN"]
[Date "2011.11.15"]
[Round "4"]
[White "Legault, Stephane"]
[Black "Villeneuve, Luc"]
[Result "0-1"]
[WhiteElo "1522"]
[BlackElo "1533"]
[PlyCount "62"]
[GameId "2160767909647888"]
[EventDate "2011.10.25"]
[EventType "swiss"]
[EventRounds "4"]
[EventCountry "CAN"]
[SourceTitle "EXT 2022"]
[Source "ChessBase"]
[SourceDate "2021.10.06"]
[SourceVersion "1"]
[SourceVersionDate "2021.10.06"]
[SourceQuality "1"]

1. e4 g6 2. Nf3 Bg7 3. d4 d6 4. Bc4 e6 5. O-O Ne7 6. Qe2 O-O 7. d5 e5 8. Qd3 h6 9. Nc3 f5 10. Nh4 f4 11. b4 g5 12. Nf3 Ng6 13. Bb2 g4 14. Ne1 Nd7 15. Ne2 Nf6 16. f3 Kh8 17. Bb3 gxf3 18. Nxf3 Qe7 19. Nd2 Ng4 20. Rf3 Ne3 21. Rxe3 fxe3 22. Qxe3 Nf4 23. Ng3 h5 24. c4 h4 25. Ne2 Qg5 26. Nxf4 exf4 27. Bxg7+ Qxg7 28. Qe1 h3 29. Qh4+ Kg8 30. g3 Qxa1+ 31. Nf1 Qd4+ 0-1

[Event "Maisonneuve mem."]
[Site "Gatineau CAN"]
[Date "2011.11.15"]
[Round "4"]
[White "Martin, Steve"]
[Black "Roth, Gerhard"]
[Result "1-0"]
[WhiteElo "1684"]
[BlackElo "1250"]
[PlyCount "67"]
[GameId "2160767909647889"]
[EventDate "2011.10.25"]
[EventType "swiss"]
[EventRounds "4"]
[EventCountry "CAN"]
[SourceTitle "EXT 2022"]
[Source "ChessBase"]
[SourceDate "2021.10.06"]
[SourceVersion "1"]
[SourceVersionDate "2021.10.06"]
[SourceQuality "1"]

1. e4 c5 2. c3 g6 3. d4 Bg7 4. dxc5 Nc6 5. Nf3 Qa5 6. Be3 Nf6 7. Nbd2 Ng4 8. Bd4 Nxd4 9. cxd4 e5 10. h3 Nf6 11. Nxe5 Nxe4 12. Bd3 Bxe5 13. dxe5 Nxc5 14. Bc2 Ne6 15. O-O Qxe5 16. Nc4 Qd4 17. Qxd4 Nxd4 18. Rae1+ Kf8 19. Be4 Kg7 20. Nd6 Rb8 21. Bd5 Ne6 22. f4 b6 23. f5 Nc7 24. Bxf7 Ba6 25. Rf3 Rhf8 26. Bb3 Ne8 27. Re7+ Kf6 28. Rxd7 Nxd6 29. Rxd6+ Kg5 30. f6 Rbd8 31. Rxd8 Rxd8 32. f7 Rf8 33. Re3 Bb5 34. Re5+ 1-0

[Event "Maisonneuve mem."]
[Site "Gatineau CAN"]
[Date "2011.11.15"]
[Round "4"]
[White "Menard, Marc"]
[Black "Lemieux, Denis"]
[Result "0-1"]
[WhiteElo "1478"]
[BlackElo "1417"]
[PlyCount "60"]
[GameId "2160767909647890"]
[EventDate "2011.10.25"]
[EventType "swiss"]
[EventRounds "4"]
[EventCountry "CAN"]
[SourceTitle "EXT 2022"]
[Source "ChessBase"]
[SourceDate "2021.10.06"]
[SourceVersion "1"]
[SourceVersionDate "2021.10.06"]
[SourceQuality "1"]

1. e4 c6 2. d4 d5 3. Nc3 dxe4 4. Nxe4 Bf5 5. Ng3 Bg6 6. Nf3 e6 7. Ne5 Nf6 8. Nxg6 hxg6 9. c3 Be7 10. Bd3 Nbd7 11. Qc2 c5 12. Ne2 Rc8 13. Bf4 cxd4 14. Rc1 dxc3 15. Nxc3 O-O 16. O-O Nd5 17. Qd2 Nxf4 18. Qxf4 Bg5 19. Qb4 Bxc1 20. Rxc1 Nc5 21. Be2 b6 22. Rd1 Qg5 23. f4 Qf6 24. g3 Rfd8 25. Rxd8+ Rxd8 26. a4 Nd3 27. Qb5 Qd4+ 28. Kg2 Qf2+ 29. Kh1 Nc1 30. Bf1 Rd2 0-1

[Event "Maisonneuve mem."]
[Site "Gatineau CAN"]
[Date "2011.11.15"]
[Round "4"]
[White "Morel, Joseph"]
[Black "Arsenault, Yves"]
[Result "1-0"]
[WhiteElo "1575"]
[BlackElo "1538"]
[PlyCount "49"]
[GameId "2160767909647891"]
[EventDate "2011.10.25"]
[EventType "swiss"]
[EventRounds "4"]
[EventCountry "CAN"]
[SourceTitle "EXT 2022"]
[Source "ChessBase"]
[SourceDate "2021.10.06"]
[SourceVersion "1"]
[SourceVersionDate "2021.10.06"]
[SourceQuality "1"]

1. e4 e5 2. Nf3 Nc6 3. Bc4 Nf6 4. d4 exd4 5. Nxd4 Bc5 6. Nxc6 bxc6 7. Nc3 O-O 8. O-O Re8 9. Re1 d6 10. Bg5 Bxf2+ 11. Kxf2 Ng4+ 12. Qxg4 Bxg4 13. Bxd8 Raxd8 14. h3 Bc8 15. Rad1 Re5 16. Nb1 Rde8 17. Nd2 Bb7 18. Nf3 R5e7 19. e5 d5 20. Bb3 Ba6 21. Ba4 Rb8 22. Bxc6 Rxb2 23. Bxd5 Rxc2+ 24. Kg3 Bc8 25. Bb3 1-0

[Event "Maisonneuve mem."]
[Site "Gatineau CAN"]
[Date "2011.11.15"]
[Round "4"]
[White "Pilon, Robert"]
[Black "Simard, Paul"]
[Result "1-0"]
[WhiteElo "1465"]
[BlackElo "1165"]
[PlyCount "65"]
[GameId "2160767909647892"]
[EventDate "2011.10.25"]
[EventType "swiss"]
[EventRounds "4"]
[EventCountry "CAN"]
[SourceTitle "EXT 2022"]
[Source "ChessBase"]
[SourceDate "2021.10.06"]
[SourceVersion "1"]
[SourceVersionDate "2021.10.06"]
[SourceQuality "1"]

1. e4 e6 2. d4 d5 3. e5 c5 4. c3 cxd4 5. cxd4 Nc6 6. Nf3 a6 7. Nc3 Nge7 8. Bd3 g6 9. a3 Nf5 10. Bxf5 exf5 11. Bg5 Be7 12. Bh6 Bf8 13. Qd2 Na5 14. Bg5 Be7 15. Bxe7 Kxe7 16. Qg5+ Ke8 17. Qxd8+ Kxd8 18. Nxd5 Nb3 19. Rd1 Be6 20. Nf6 Rc8 21. O-O Ke7 22. d5 Bd7 23. d6+ Kd8 24. Ng5 Be6 25. Nfxh7 Kd7 26. Nf6+ Kc6 27. Rfe1 Rhd8 28. Nxe6 fxe6 29. Re3 Nc5 30. Rc3 Kb6 31. Rdc1 Kb5 32. b4 Ne4 33. Rxc8 1-0

[Event "Manitoba-ch"]
[Site "Winnipeg CAN"]
[Date "2011.04.05"]
[Round "1.1"]
[White "Melamedoff, Gustavo"]
[Black "Babb, Jeff"]
[Result "1-0"]
[WhiteElo "2048"]
[BlackElo "2175"]
[PlyCount "139"]
[GameId "2160767909778971"]
[EventDate "2011.04.05"]
[EventType "k.o."]
[EventRounds "3"]
[EventCountry "CAN"]
[SourceTitle "EXT 2019"]
[Source "ChessBase"]
[SourceDate "2018.10.10"]
[SourceVersion "1"]
[SourceVersionDate "2018.10.10"]
[SourceQuality "1"]

1. e4 d6 2. d4 Nf6 3. Nc3 g6 4. Nf3 Bg7 5. h3 c6 6. Be3 Qa5 7. Qd2 b5 8. Bd3 Nfd7 9. O-O O-O 10. Bh6 b4 11. Ne2 Qh5 12. Bxg7 Kxg7 13. Ng3 Qh6 14. Qxb4 a5 15. Qd2 Qxd2 16. Nxd2 c5 17. c3 cxd4 18. cxd4 Nc6 19. Nf3 Nb4 20. Rfd1 Nxd3 21. Rxd3 Ba6 22. Ra3 Rfb8 23. Rxa5 Rxb2 24. Rc1 Nb6 25. Rc7 Kf8 26. d5 Ke8 27. Nd4 Kd8 28. Rc3 Nd7 29. Rca3 Rb6 30. Nc6+ Ke8 31. Nf1 Nc5 32. Nd2 Rc8 33. Nb3 Nxb3 34. Rxa6 Rxa6 35. Rxa6 Nc5 36. Ra7 Kf8 37. f3 e6 38. a4 exd5 39. exd5 Re8 40. a5 Re1+ 41. Kh2 Rd1 42. a6 Nxa6 43. Rxa6 Rxd5 44. Ra7 Rc5 45. Nd8 Rf5 46. Rd7 d5 47. Nc6 h5 48. Nb4 Kg7 49. Nxd5 Re5 50. f4 Re2 51. Kg3 Ra2 52. Kf3 Ra3+ 53. Ne3 Kf6 54. g4 hxg4+ 55. hxg4 Ke6 56. Rb7 Kf6 57. g5+ Kg7 58. Ke4 Ra4+ 59. Kf3 Ra8 60. Nc4 Re8 61. Nd6 Rf8 62. Ke4 Rd8 63. Ke5 Rf8 64. Rxf7+ Rxf7 65. Nxf7 Kxf7 66. Kd6 Kf8 67. Ke6 Kg7 68. Ke7 Kg8 69. Kf6 Kh7 70. Kf7 1-0

[Event "Manitoba-ch"]
[Site "Winnipeg CAN"]
[Date "2011.04.05"]
[Round "1.1"]
[White "Zaczek, Jonathon"]
[Black "Khedkar, Jay S"]
[Result "1-0"]
[WhiteElo "2126"]
[BlackElo "1983"]
[PlyCount "33"]
[GameId "2160767909778972"]
[EventDate "2011.04.05"]
[EventType "k.o."]
[EventRounds "3"]
[EventCountry "CAN"]
[SourceTitle "EXT 2019"]
[Source "ChessBase"]
[SourceDate "2018.10.10"]
[SourceVersion "1"]
[SourceVersionDate "2018.10.10"]
[SourceQuality "1"]

1. e4 e5 2. Nf3 Nc6 3. Bb5 a6 4. Ba4 Nf6 5. O-O Be7 6. Re1 b5 7. Bb3 d6 8. a4 Bg4 9. c3 O-O 10. h3 Bh5 11. d3 Qd7 12. Nbd2 h6 13. Nf1 Rfe8 14. Ng3 Bg6 15. Nh4 Bh7 16. Ngf5 Nxe4 17. dxe4 1-0

[Event "Manitoba-ch"]
[Site "Winnipeg CAN"]
[Date "2011.04.12"]
[Round "1.2"]
[White "Babb, Jeff"]
[Black "Melamedoff, Gustavo"]
[Result "0-1"]
[WhiteElo "2175"]
[BlackElo "2048"]
[PlyCount "76"]
[GameId "2160767909778973"]
[EventDate "2011.04.05"]
[EventType "k.o."]
[EventRounds "3"]
[EventCountry "CAN"]
[SourceTitle "EXT 2019"]
[Source "ChessBase"]
[SourceDate "2018.10.10"]
[SourceVersion "1"]
[SourceVersionDate "2018.10.10"]
[SourceQuality "1"]

1. f4 g6 2. Nf3 d5 3. e3 c5 4. Bb5+ Bd7 5. Qe2 a6 6. Bxd7+ Nxd7 7. Nc3 e6 8. b3 Bg7 9. Bb2 Ne7 10. O-O O-O 11. a4 d4 12. Nd1 Nc6 13. e4 Qc7 14. e5 Nb4 15. d3 Nb6 16. Ng5 N6d5 17. g3 Qe7 18. Ba3 Nc6 19. Re1 b6 20. Ne4 a5 21. Qg2 Rad8 22. Nb2 Ne3 23. Rxe3 dxe3 24. Nf6+ Bxf6 25. Qxc6 Bg7 26. Qxb6 Rde8 27. Qxa5 g5 28. Qe1 gxf4 29. gxf4 Bh6 30. Qxe3 Kh8 31. Rf1 Rg8+ 32. Kh1 Rg4 33. Nc4 Reg8 34. Nd6 Bxf4 35. Qe2 f5 36. Bxc5 Qg7 37. Qe1 Bxh2 38. Qd2 Bxe5 0-1

[Event "Manitoba-ch"]
[Site "Winnipeg CAN"]
[Date "2011.04.12"]
[Round "1.2"]
[White "Khedkar, Jay S"]
[Black "Zaczek, Jonathon"]
[Result "0-1"]
[WhiteElo "1983"]
[BlackElo "2126"]
[PlyCount "42"]
[GameId "2160767909778974"]
[EventDate "2011.04.05"]
[EventType "k.o."]
[EventRounds "3"]
[EventCountry "CAN"]
[SourceTitle "EXT 2019"]
[Source "ChessBase"]
[SourceDate "2018.10.10"]
[SourceVersion "1"]
[SourceVersionDate "2018.10.10"]
[SourceQuality "1"]

1. d4 Nf6 2. c4 g6 3. Nc3 d5 4. cxd5 Nxd5 5. e4 Nxc3 6. bxc3 Bg7 7. Bc4 c5 8. Be3 Nc6 9. Ne2 O-O 10. O-O Qc7 11. Qc1 Rd8 12. Rb1 Bd7 13. f3 Rac8 14. dxc5 Ne5 15. Bd5 Bc6 16. Rd1 e6 17. Bxc6 bxc6 18. Bd4 Qa5 19. Rb7 Qa6 20. Qb2 Nc4 21. Qb1 e5 0-1

[Event "Manitoba-ch"]
[Site "Winnipeg CAN"]
[Date "2011.04.05"]
[Round "1.3"]
[White "Lipnowski, Samuel"]
[Black "Nikouline, Alexandre"]
[Result "1-0"]
[WhiteElo "2260"]
[BlackElo "2069"]
[PlyCount "49"]
[GameId "2160767909778975"]
[EventDate "2011.04.05"]
[EventType "k.o."]
[EventRounds "3"]
[EventCountry "CAN"]

1. e4 e6 2. d4 d5 3. Nc3 Bb4 4. e5 Ne7 5. a3 Bxc3+ 6. bxc3 c5 7. Qg4 Nbc6 8. Qxg7 Rg8 9. Qxh7 cxd4 10. f4 Qa5 11. Ne2 dxc3 12. Rb1 Bd7 13. Rxb7 O-O-O 14. Rb1 Nf5 15. Qh3 d4 16. Qd3 a6 17. Ng3 Nb8 18. Nxf5 exf5 19. Qc4+ Bc6 20. Rxb8+ Kxb8 21. Qxc6 Rg6 22. Qf3 f6 23. Qc6 Ka7 24. Bd3 Rxg2 25. Qxg2 1-0

[Event "Manitoba-ch"]
[Site "Winnipeg CAN"]
[Date "2011.04.05"]
[Round "1.3"]
[White "Nikouline, Alexandre"]
[Black "Lipnowski, Samuel"]
[Result "0-1"]
[WhiteElo "2069"]
[BlackElo "2260"]
[PlyCount "116"]
[GameId "2160767909778976"]
[EventDate "2011.04.05"]
[EventType "k.o."]
[EventRounds "3"]
[EventCountry "CAN"]

1. e4 c5 2. Ne2 d6 3. g3 Nf6 4. Bg2 g6 5. O-O Bg7 6. d3 O-O 7. c3 Nc6 8. Na3 d5 9. Bg5 dxe4 10. Bxf6 exd3 11. Bxg7 dxe2 12. Qxe2 Kxg7 13. Bxc6 bxc6 14. Qe5+ Kg8 15. Rfd1 Qb6 16. Rd2 Be6 17. c4 Rad8 18. Rad1 Bg4 19. Rxd8 Rxd8 20. Rxd8+ Qxd8 21. Nc2 Qd1+ 22. Ne1 Be2 23. Qb8+ Kg7 24. Qe5+ Kh6 25. Qc3 f6 26. b3 Kg7 27. f3 Qd4+ 28. Qxd4 cxd4 29. Kf2 Bd1 30. Nd3 a5 31. Nc5 e5 32. Nb7 a4 33. Na5 axb3 34. axb3 Kf7 35. b4 Ba4 36. Ke2 Ke6 37. Kd2 Kf5 38. Nb7 Bb3 39. b5 cxb5 40. cxb5 Bd5 41. Nc5 Bxf3 42. Kd3 h5 43. b6 g5 44. h3 h4 45. g4+ Kf4 46. Nd7 f5 47. Nf6 fxg4 48. Nxg4 Bb7 49. Nf6 Ba6+ 50. Kd2 e4 51. Nd5+ Kf3 52. Nc7 e3+ 53. Ke1 Bb7 54. Ne6 d3 55. Nd4+ Ke4 56. Ne6 d2+ 57. Kd1 Ke5 58. Nxg5 Kf5 0-1

[Event "Manitoba-ch"]
[Site "Winnipeg CAN"]
[Date "2011.05.03"]
[Round "1.3"]
[White "Vincent, Trevor"]
[Black "Green, Aaron"]
[Result "1-0"]
[WhiteElo "2329"]
[BlackElo "2021"]
[PlyCount "105"]
[GameId "2160767909778977"]
[EventDate "2011.04.05"]
[EventType "k.o."]
[EventRounds "3"]
[EventCountry "CAN"]

1. c4 e6 2. g3 d5 3. Bg2 Nf6 4. Nf3 c5 5. cxd5 exd5 6. d4 Nc6 7. O-O Be7 8. Nc3 O-O 9. Bg5 cxd4 10. Nxd4 Qb6 11. Nb3 d4 12. Bxf6 Bxf6 13. Nd5 Qd8 14. Nxf6+ Qxf6 15. Bxc6 bxc6 16. Qxd4 Qe7 17. Rfe1 Rd8 18. Qc3 Be6 19. Nc5 Bg4 20. Nd3 Re8 21. Nf4 g5 22. Ng2 f6 23. Ne3 Be6 24. Qxc6 Rac8 25. Qe4 Rc5 26. Red1 f5 27. Qf3 Rf8 28. Rac1 Rb5 29. b3 f4 30. Nc2 fxg3 31. Qxg3 Rf4 32. f3 Qf6 33. Ne1 h5 34. Ng2 Rff5 35. Qd6 Rfd5 36. Rxd5 Rxd5 37. Qb8+ Kg7 38. Qxa7+ Bf7 39. Qe3 Re5 40. Qd2 h4 41. Kh1 h3 42. Ne3 Qf4 43. Rc3 Bd5 44. Kg1 g4 45. Nf1 Qf6 46. f4 Qb6+ 47. e3 Rf5 48. Ng3 Rxf4 49. Nh5+ Kh8 50. Nxf4 g3 51. hxg3 Qh6 52. Qd4+ Kh7 53. Rc7+ 1-0

[Event "Manitoba-ch"]
[Site "Winnipeg CAN"]
[Date "2011.05.10"]
[Round "1.3"]
[White "Green, Aaron"]
[Black "Vincent, Trevor"]
[Result "0-1"]
[WhiteElo "2021"]
[BlackElo "2329"]
[PlyCount "102"]
[GameId "2160767909778978"]
[EventDate "2011.04.05"]
[EventType "k.o."]
[EventRounds "3"]
[EventCountry "CAN"]

1. d4 f5 2. e4 fxe4 3. Nc3 Nf6 4. Bg5 Nc6 5. d5 Ne5 6. Qd4 Nf7 7. h4 c6 8. O-O-O Qb6 9. Bxf6 gxf6 10. Qxe4 d6 11. f4 Bd7 12. Nf3 c5 13. Nd2 f5 14. Qe3 Bg7 15. Nc4 Qc7 16. Re1 O-O-O 17. Be2 Bf6 18. Bf3 Rhg8 19. Nd1 Kb8 20. Nf2 b5 21. Nd2 Qa5 22. Qb3 Ka8 23. a3 c4 24. Qa2 c3 25. Nb3 Qa4 26. Nd3 a5 27. Kb1 Rc8 28. g4 fxg4 29. Be4 Rc4 30. Nbc5 Rxc5 31. Nxc5 dxc5 32. d6+ Kb8 33. Qd5 Nxd6 34. Qxg8+ Kc7 35. Qd5 cxb2 36. Qxc5+ Kd8 37. Bd5 Bd4 38. Bb3 Bxc5 39. Bxa4 bxa4 40. Re5 Bd4 41. Rh5 Nc4 42. Rd1 Nxa3+ 43. Ka2 b1=Q+ 44. Rxb1 Nxb1 45. Kxb1 g3 46. Rg5 Bf2 47. Kc1 Bc6 48. Kd2 g2 49. Rg8+ Kd7 50. f5 g1=Q 51. Rxg1 Bxg1 0-1

[Event "Manitoba-ch"]
[Site "Winnipeg CAN"]
[Date "2011.05.17"]
[Round "2.1"]
[White "Vincent, Trevor"]
[Black "Melamedoff, Gustavo"]
[Result "1-0"]
[WhiteElo "2131"]
[BlackElo "2048"]
[PlyCount "82"]
[GameId "2160767909778979"]
[EventDate "2011.04.05"]
[EventType "k.o."]
[EventRounds "3"]
[EventCountry "CAN"]
[SourceTitle "EXT 2019"]
[Source "ChessBase"]
[SourceDate "2018.10.10"]
[SourceVersion "1"]
[SourceVersionDate "2018.10.10"]
[SourceQuality "1"]

1. c4 e6 2. g3 f5 3. Bg2 Nf6 4. Nf3 d5 5. O-O c6 6. d3 Be7 7. Nc3 O-O 8. e4 fxe4 9. dxe4 Nxe4 10. Nxe4 dxe4 11. Qxd8 Bxd8 12. Ng5 e5 13. Nxe4 Be6 14. b3 Be7 15. Bg5 Ba3 16. Rad1 h6 17. Bc1 Bxc1 18. Rxc1 Nd7 19. Rcd1 a5 20. Rd6 Bf5 21. Rfd1 Rf7 22. R6d2 Bxe4 23. Bxe4 Nc5 24. Bg2 Re8 25. Re1 e4 26. Re3 Rfe7 27. Rd4 g5 28. a3 a4 29. b4 Nb3 30. Rdxe4 Rxe4 31. Bxe4 Rd8 32. Bc2 Nd4 33. Bxa4 g4 34. Kg2 Nf3 35. h3 gxh3+ 36. Kxf3 Rf8+ 37. Kg4 h2 38. Re1 Rxf2 39. Kh3 Ra2 40. Bd1 b5 41. cxb5 cxb5 1-0

[Event "Manitoba-ch"]
[Site "Winnipeg CAN"]
[Date "2011.05.17"]
[Round "2.1"]
[White "Zaczek, Jonathon"]
[Black "Lipnowski, Samuel"]
[Result "1-0"]
[WhiteElo "2126"]
[BlackElo "2216"]
[PlyCount "111"]
[GameId "2160767909778980"]
[EventDate "2011.04.05"]
[EventType "k.o."]
[EventRounds "3"]
[EventCountry "CAN"]
[SourceTitle "EXT 2019"]
[Source "ChessBase"]
[SourceDate "2018.10.10"]
[SourceVersion "1"]
[SourceVersionDate "2018.10.10"]
[SourceQuality "1"]

1. e4 c5 2. Nf3 d6 3. d4 cxd4 4. Nxd4 Nf6 5. Nc3 g6 6. Be3 Bg7 7. f3 O-O 8. Qd2 Nc6 9. Bc4 Bd7 10. O-O-O Ne5 11. Bb3 Rc8 12. h4 h5 13. Rdg1 Nc4 14. Bxc4 Rxc4 15. g4 hxg4 16. h5 Nxh5 17. fxg4 Nf6 18. Nf5 Bxf5 19. gxf5 Rxc3 20. Qxc3 Nd5 21. Qb3 Nxe3 22. Qxe3 Qb6 23. Qxb6 axb6 24. fxg6 f5 25. exf5 Rxf5 26. Rh3 d5 27. Ra3 Bd4 28. Rd1 e5 29. Rxd4 exd4 30. Ra7 Rf6 31. Rxb7 Rxg6 32. Rd7 Rg1+ 33. Kd2 Ra1 34. Ra7 Kf8 35. a3 Rb1 36. b3 Rh1 37. Rb7 Rh6 38. Rd7 Ke8 39. Rxd5 Rc6 40. Rxd4 Ke7 41. c4 Ke6 42. Rd5 Rc8 43. Kc3 Rh8 44. Kb4 Ke7 45. Kb5 Rh6 46. a4 Rh3 47. b4 Rb3 48. a5 bxa5 49. Kxa5 Ra3+ 50. Kb6 Rc3 51. c5 Ke6 52. Rd1 Rb3 53. b5 Rc3 54. c6 Rc2 55. c7 Rc3 56. Kb7 1-0

[Event "Manitoba-ch"]
[Site "Winnipeg CAN"]
[Date "2011.05.24"]
[Round "2.2"]
[White "Lipnowski, Samuel"]
[Black "Zaczek, Jonathon"]
[Result "1/2-1/2"]
[WhiteElo "2216"]
[BlackElo "2126"]
[PlyCount "86"]
[GameId "2160767909778981"]
[EventDate "2011.04.05"]
[EventType "k.o."]
[EventRounds "3"]
[EventCountry "CAN"]
[SourceTitle "EXT 2019"]
[Source "ChessBase"]
[SourceDate "2018.10.10"]
[SourceVersion "1"]
[SourceVersionDate "2018.10.10"]
[SourceQuality "1"]

1. e4 c5 2. Nf3 d6 3. d4 cxd4 4. Nxd4 Nf6 5. Nc3 a6 6. f3 e6 7. Be3 b5 8. Qd2 Nbd7 9. g4 h6 10. O-O-O Bb7 11. h4 Ne5 12. Rg1 Qa5 13. g5 hxg5 14. hxg5 b4 15. Nb1 Nfd7 16. a3 d5 17. f4 Nc6 18. Nb3 Qc7 19. exd5 exd5 20. a4 O-O-O 21. Bg2 d4 22. Nxd4 Nc5 23. Bxc6 Bxc6 24. Qe2 Bxa4 25. Qc4 Rh2 26. Nd2 Bb5 27. Nxb5 axb5 28. Qxb5 Nb3+ 29. Kb1 Nxd2+ 30. Bxd2 Rdxd2 31. Qa6+ Kb8 32. Qb5+ Kc8 33. Rxd2 Rxd2 34. Qf5+ Qd7 35. Qe4 Kb8 36. Qe5+ Bd6 37. Qe3 Bc7 38. Qf3 Qd5 39. Qe3 Rd1+ 40. Rxd1 Qxd1+ 41. Ka2 Qxc2 42. Qe8+ Ka7 43. Qxf7 Qa4+ 1/2-1/2

[Event "Manitoba-ch"]
[Site "Winnipeg CAN"]
[Date "2011.05.24"]
[Round "2.2"]
[White "Melamedoff, Gustavo"]
[Black "Vincent, Trevor"]
[Result "1-0"]
[WhiteElo "2048"]
[BlackElo "2131"]
[PlyCount "85"]
[GameId "2160767909778982"]
[EventDate "2011.04.05"]
[EventType "k.o."]
[EventRounds "3"]
[EventCountry "CAN"]
[SourceTitle "EXT 2019"]
[Source "ChessBase"]
[SourceDate "2018.10.10"]
[SourceVersion "1"]
[SourceVersionDate "2018.10.10"]
[SourceQuality "1"]

1. c4 c5 2. g3 Nc6 3. Bg2 g6 4. Nc3 Bg7 5. e3 e5 6. Nge2 Nge7 7. O-O O-O 8. a3 d6 9. Rb1 a5 10. Nd5 Be6 11. Nec3 Rb8 12. d3 f5 13. f4 Bf7 14. Bd2 b6 15. Qa4 Nxd5 16. Nxd5 Ne7 17. b4 Nxd5 18. Bxd5 Bxd5 19. cxd5 axb4 20. axb4 exf4 21. gxf4 b5 22. Qc2 Qb6 23. Kh1 Qb7 24. e4 fxe4 25. dxe4 c4 26. Bc3 Rbe8 27. Rbe1 Qd7 28. f5 Bxc3 29. Qxc3 Qg7 30. f6 Qd7 31. Qg3 Re5 32. Rf4 Qd8 33. Ref1 Rf7 34. Qa3 Qe8 35. Qa6 Rxe4 36. Qxd6 Rd7 37. f7+ Qxf7 38. Qb8+ Kg7 39. Rxf7+ Rxf7 40. Rxf7+ Kxf7 41. d6 Ke6 42. Qe8+ Kd5 43. d7 1-0

[Event "Manitoba-ch"]
[Site "Winnipeg CAN"]
[Date "2011.05.31"]
[Round "2.3"]
[White "Vincent, Trevor"]
[Black "Melamedoff, Gustavo"]
[Result "1-0"]
[WhiteElo "2131"]
[BlackElo "2048"]
[PlyCount "57"]
[GameId "2160767909778983"]
[EventDate "2011.04.05"]
[EventType "k.o."]
[EventRounds "3"]
[EventCountry "CAN"]
[SourceTitle "EXT 2019"]
[Source "ChessBase"]
[SourceDate "2018.10.10"]
[SourceVersion "1"]
[SourceVersionDate "2018.10.10"]
[SourceQuality "1"]

1. c4 Nf6 2. g3 g6 3. Bg2 Bg7 4. Nc3 O-O 5. e4 d6 6. Nge2 e5 7. O-O c6 8. d3 a5 9. h3 h6 10. Be3 Na6 11. Qd2 Kh7 12. Rad1 Nc7 13. d4 Be6 14. b3 Nd7 15. d5 Bxd5 16. cxd5 c5 17. Qd3 f5 18. f4 Qe7 19. Rde1 Rae8 20. Bd2 exf4 21. Nxf4 Bd4+ 22. Kh2 Ne5 23. Qc2 b5 24. exf5 Rxf5 25. Nxg6 Kxg6 26. Qxf5+ Kg7 27. Ne2 Rg8 28. Nxd4 cxd4 29. Bf4 1-0

[Event "Manitoba-ch"]
[Site "Winnipeg CAN"]
[Date "2011.05.31"]
[Round "2.4"]
[White "Melamedoff, Gustavo"]
[Black "Vincent, Trevor"]
[Result "1/2-1/2"]
[WhiteElo "2048"]
[BlackElo "2131"]
[PlyCount "71"]
[GameId "2160767909778984"]
[EventDate "2011.04.05"]
[EventType "k.o."]
[EventRounds "3"]
[EventCountry "CAN"]
[SourceTitle "EXT 2019"]
[Source "ChessBase"]
[SourceDate "2018.10.10"]
[SourceVersion "1"]
[SourceVersionDate "2018.10.10"]
[SourceQuality "1"]

1. e4 c5 2. Nc3 Nc6 3. g3 g6 4. Bg2 Bg7 5. d3 e6 6. f4 Nge7 7. Nf3 d6 8. O-O O-O 9. Ne2 b6 10. g4 f5 11. h3 Bd7 12. c3 Rc8 13. Qe1 c4 14. dxc4 fxe4 15. Nfd4 d5 16. cxd5 exd5 17. Be3 Na5 18. b3 Nb7 19. Rd1 Nc5 20. Nc1 Qc7 21. c4 Rce8 22. b4 Na4 23. cxd5 Nxd5 24. f5 Nb2 25. Rd2 Nc4 26. Rc2 Ndxe3 27. Qxe3 Nxe3 28. Rxc7 Nxf1 29. Rxd7 Rd8 30. Rxd8 Rxd8 31. Ne6 Rd1 32. Bxf1 Rxc1 33. Kf2 Bc3 34. b5 Bb4 35. f6 Kf7 36. Ng5+ 1/2-1/2

[Event "Manitoba-ch"]
[Site "Winnipeg CAN"]
[Date "2011.06.07"]
[Round "3.1"]
[White "Vincent, Trevor"]
[Black "Zaczek, Jonathon"]
[Result "1-0"]
[WhiteElo "2131"]
[BlackElo "2126"]
[PlyCount "33"]
[GameId "2160767909778985"]
[EventDate "2011.04.05"]
[EventType "k.o."]
[EventRounds "3"]
[EventCountry "CAN"]
[SourceTitle "EXT 2019"]
[Source "ChessBase"]
[SourceDate "2018.10.10"]
[SourceVersion "1"]
[SourceVersionDate "2018.10.10"]
[SourceQuality "1"]

1. c4 Nf6 2. g3 c5 3. Bg2 Nc6 4. Nc3 g6 5. Nf3 d5 6. cxd5 Nxd5 7. Nxd5 Qxd5 8. O-O Bg7 9. d3 O-O 10. Be3 Qh5 11. Rc1 b6 12. Ng5 Nd4 13. Bxa8 Nxe2+ 14. Kg2 Bg4 15. f3 Bd7 16. Qxe2 Rxa8 17. g4 1-0